| 000 | 00984nam a2200217 a 4500 | ||
|---|---|---|---|
| 001 | 000021481 | ||
| 005 | 20200930011337.0 | ||
| 008 | 100908s1988 dr a r 000 0 spa d | ||
| 040 |
_aDO-SdBNP _bspa _cBNPHU |
||
| 082 |
_a352.48 _bR426p, 1988 |
||
| 110 | 1 |
_aRepública Dominicana _bSecretariado Técnico de la Presidencia _bOficina Nacional de Presupuesto _932266 |
|
| 245 | 1 | 0 | _aPresupuestos de ingresos y gastos de las instituciones descentralizadas y autónomas 1988 /. |
| 260 |
_aSanto Domingo : _bSecretariado Técnico de la Presidencia, _c1988. |
||
| 300 |
_av. : _bil. ; _c58 cm. |
||
| 500 | _aPublicación complementaria al presupuesto de ingresos y ley de gastos públicos del año 1988 | ||
| 590 | _aInventariado, 2018/BT | ||
| 650 | 4 |
_aPresupuesto _zRepública Dominicana _97940 |
|
| 651 | 4 |
_aRepública Dominicana _xGastos Presupuestados Públicos _y1988 _944800 |
|
| 650 | 4 |
_aHacienda pública _zRepública Dominicana _96562 |
|
| 910 | _aValidado. Control de calidad. MMOLINA | ||
| 999 |
_c20981 _d20981 |
||